| 000 | 00370pab a2200145 454500 | ||
|---|---|---|---|
| 008 | 180718b2017 xxu||||| |||| 00| 0 eng d | ||
| 100 | _aSofi, M.A. | ||
| 245 | _aSingular fixation on 'democratic' elections: it's inherently undemocratic | ||
| 260 | _c2017 | ||
| 300 | _ap.21-23. | ||
| 362 | _a7 Oct | ||
| 650 | _aElections | ||
| 773 | _aMainstream | ||
| 909 | _a116426 | ||
| 999 |
_c116420 _d116420 |
||